000 00447nam a22001817a 4500
005 20260530160611.0
008 260530b |||||||| |||| 00| 0 eng d
020 _a9783957580047
_c4254.62
040 _aMAIN
041 _aGerman
082 _a940
_bEUR
100 _aHoebink, Hein (ed)
_926961
245 _aEuropa Um 1900 Europa Um 2000
260 _aBerlin
_bDe Gruyter
_c2015
300 _a335
650 _aGerman Language
942 _cBK
999 _c60935
_d60935